LEADER 00869cam0-2200325---450- 001 990004884350403321 005 20090624145558.0 035 $a000488435 035 $aFED01000488435 035 $a(Aleph)000488435FED01 035 $a000488435 100 $a19990604d1969----km-y0itay50------ba 101 0 $aeng 102 $aUS 105 $ay-------001yy 200 1 $aSpanish phonology$fJames W. Harris 205 $aCambridge 210 $aLondon$cThe M. I. T. press$dc1969 215 $aXIII, 218 p.$d24 cm 225 1 $aResearch monograph$v54 610 0 $aLingua spagnola$aFonologia 676 $a461.5 700 1$aHarris,$bJames W.$0195648 801 0$aIT$bUNINA$gRICA$2UNIMARC 901 $aBK 912 $a990004884350403321 952 $a461.5 HAR 1$bIst.f.m.16448$fFLFBC 959 $aFLFBC 996 $aSpanish phonology$9520851 997 $aUNINA LEADER 04792nam 22008175 450 001 9910299471203321 005 20200707023855.0 010 $a9783319039497 010 $a3319039490 024 7 $a10.1007/978-3-319-03949-7 035 $a(CKB)3710000000089125 035 $a(EBL)1697900 035 $a(OCoLC)874178836 035 $a(SSID)ssj0001155762 035 $a(PQKBManifestationID)11650601 035 $a(PQKBTitleCode)TC0001155762 035 $a(PQKBWorkID)11188353 035 $a(PQKB)10919784 035 $a(PQKBManifestationID)16190036 035 $a(OCoLC)895194510 035 $a(PQKB)21135555 035 $a(MiAaPQ)EBC1697900 035 $a(DE-He213)978-3-319-03949-7 035 $a(PPN)176750436 035 $a(EXLCZ)993710000000089125 100 $a20140215d2014 u| 0 101 0 $aeng 135 $aur|n|---||||| 181 $ctxt 182 $cc 183 $acr 200 12$aA Defeasible Logic Programming-Based Framework to Support Argumentation in Semantic Web Applications /$fby Naeem Khalid Janjua 205 $a1st ed. 2014. 210 1$aCham :$cSpringer International Publishing :$cImprint: Springer,$d2014. 215 $a1 online resource (313 p.) 225 1 $aSpringer Theses, Recognizing Outstanding Ph.D. Research,$x2190-5053 300 $aDescription based upon print version of record. 311 08$a9783319039480 311 08$a3319039482 320 $aIncludes bibliographical references. 327 $aProblem Definition -- Solution Overview -- Argumentation-enabled Web-based Intelligent Decision Support System -- Enterprise Knowledge Integration through Argumentation enabled Intelligent Decision Support Systems -- Process Map Discovery from Business Policies: A Knowledge Representation approach with Argumentative Reasoning -- Validation and Evaluation of GF@SWA -- Recapitulation and Future Work. 330 $aThis book reports on the development and validation of a generic defeasible logic programming framework for carrying out argumentative reasoning in Semantic Web applications (GF@SWA). The proposed methodology is unique in providing a solution for representing incomplete and/or contradictory information coming from different sources, and reasoning with it. GF@SWA is able to represent this type of information, perform argumentation-driven hybrid reasoning to resolve conflicts, and generate graphical representations of the integrated information, thus assisting decision makers in decision making processes. GF@SWA represents the first argumentative reasoning engine for carrying out automated reasoning in the Semantic Web context and is expected to have a significant impact on future business applications. The book provides the readers  with a detailed and clear exposition of different argumentation-based reasoning techniques, and of their importance and use in Semantic Web applications. It addresses both academics and professionals, and will be of primary interest to researchers, students and practitioners in the area of Web-based intelligent decision support systems and their application in various domains. 410 0$aSpringer Theses, Recognizing Outstanding Ph.D. Research,$x2190-5053 606 $aComputational intelligence 606 $aData mining 606 $aOperations research 606 $aDecision making 606 $aElectronic commerce 606 $aArtificial intelligence 606 $aComputational Intelligence$3https://scigraph.springernature.com/ontologies/product-market-codes/T11014 606 $aData Mining and Knowledge Discovery$3https://scigraph.springernature.com/ontologies/product-market-codes/I18030 606 $aOperations Research/Decision Theory$3https://scigraph.springernature.com/ontologies/product-market-codes/521000 606 $ae-Commerce/e-business$3https://scigraph.springernature.com/ontologies/product-market-codes/I26000 606 $aArtificial Intelligence$3https://scigraph.springernature.com/ontologies/product-market-codes/I21000 615 0$aComputational intelligence. 615 0$aData mining. 615 0$aOperations research. 615 0$aDecision making. 615 0$aElectronic commerce. 615 0$aArtificial intelligence. 615 14$aComputational Intelligence. 615 24$aData Mining and Knowledge Discovery. 615 24$aOperations Research/Decision Theory. 615 24$ae-Commerce/e-business. 615 24$aArtificial Intelligence. 676 $a025.0427 700 $aJanjua$b Naeem Khalid$4aut$4http://id.loc.gov/vocabulary/relators/aut$0866742 906 $aBOOK 912 $a9910299471203321 996 $aA Defeasible Logic Programming-Based Framework to Support Argumentation in Semantic Web Applications$91934731 997 $aUNINA LEADER 01897nam0 22004093i 450 001 IEI0072544 005 20251003044157.0 010 $a8823000793 100 $a19930505d1992 ||||0itac50 ba 101 | $aita 102 $ait 181 1$6z01$ai $bxxxe 182 1$6z01$an 200 1 $aFlessibili o marginali?$ele nuove forme di lavoro in Italia e in Europa$fa cura di Francesco Garibaldo 210 $aRoma$cEdiesse$d© 1992 215 $a237 p.$d19 cm 225 | $aRagionamenti 410 0$1001CFI0022218$12001 $aRagionamenti 606 $aLavoro a tempo parziale$xPaesi della Comunita economica europea$xAnalisi comparata$2FIR$3UFIC045606$9I 676 $a331.2572094$9CONDIZIONI DI LAVORO. GIORNATA E SETTIMANA LAVORATIVA. Europa$v21 676 $a331.275$9ORARI DI LAVORO$v23 696 $aPart time$aLavoro part time$aPart-time$aLavoro part-time$aImpiego part time$aImpiego part-time 699 $aLavoro a tempo parziale$yPart time 699 $aLavoro a tempo parziale$yLavoro part time 699 $aLavoro a tempo parziale$yPart-time 699 $aLavoro a tempo parziale$yLavoro part-time 699 $aLavoro a tempo parziale$yImpiego part time 699 $aLavoro a tempo parziale$yImpiego part-time 702 1$aGaribaldo$b, Francesco$3CFIV077977 801 3$aIT$bIT-000000$c19930505 850 $aIT-BN0095 901 $bNAP 01$cPOZZO LIB.$nVi sono collocati fondi di economia, periodici di ingegneria e scienze, periodici di economia e statistica e altri fondi comprendenti documenti di economia pervenuti in dono. 912 $aIEI0072544 950 0$aBiblioteca Centralizzata di Ateneo$c1 v.$d 01POZZO LIB.ECON MON 6896$e 0101 0700188965E VMA 1 v. (Precedente collocazione 18 Ec 896)$fB $h20220725$i20220725 977 $a 01 996 $aFlessibili o marginali?$9274915 997 $aUNISANNIO